1008 1854 1899 1360 1514 1777 1240 1413 1750 1497 1547 1629 1012 1687 1440 1774 1009 1923 1151 1964 1295 1276 1280 1803 1739 1070 1048 1669 1843 1785 1591 1732 1185 1509 1937 1002 1212 1768 1969 1522 1871 1992 1291 1980 1016 1417 1322 1208 1803 1845 1188 1970 1127 1893 1308 1803 1006 1097 1455 1433 1841 1078 1999 1671 1003 1539 1364 1593 1247 1587 1901 1735 1183 1205 1909 1108 1488 1913 1475 1288 1100 1671 1337 1955 1750 1140 1931 1557 1707 1751 1401 1366 1047 1376 1863 1000 1492 1427 1936 BCNSPRNW ULIB Ver.6.0+V

เปลี่ยนเป็นภาษาไทย

Change to English
 แสดงรายละเอียดบรรณานุกรม
  กลับหน้าหลัก

Brief Record : Get Marc (ISO 2709) : E-mail record : QR code < ปิดหน้าต่าง
LEADER : 00000nam 2200000uu 4500
001    13399114907
003     ULIB
008    120620s2552||||th 000 0 tha d
020    ^a9749245407
060 04 ^aWY150^bร765ค
099    ^aเรณู อาจสาลี
245 10 ^aคำศัพท์การพยาบาลผู้ใหญ่ /^cเรณู อาจสาลี
250    ^aพิมพ์ครั้งที่ 4
260    ^aกรุงเทพฯ :^bคณะพยาบาลศาสตร์ มหาวิทยาลัยมหิดล,^c2552
300    ^a187 หน้า
650  7 ^aการพยาบาลผู้ใหญ่^xคำศัพท์
710 2  ^aมหาวิทยาลัยมหิดล^bคณะพยาบาลศาสตร์
945    ^p60^l0^i15604
945    ^p60^l0^i15605
995  ก ^aณชพร
999 ^a ใช้งานได้ทุกระบบ
รายการนี้ยังไม่มีแท็ก
คุณยังไม่ได้ล็อกอิน คุณสามารถมีกิจกรรมร่วมกับเว็บไซต์ได้ แต่ต้องล็อกอินก่อน ::
  ล็อกอิน

รายการสื่อสารสนเทศ

ลำดับที่ ประเภท เลขเรียก/บาร์โค้ด สถานที่ สถานะ
1. วิทยาศาสตร์การแพทย์ และสุขภาพ
วิทยาศาสตร์การแพทย์ และสุขภาพ
เรณู อาจสาลี WY150 ร765ค  
  Barcode: 15604
ห้องสมุดวิทยาเขตนครสวรรค์
►ส่วนจัดเก็บหนังสือเก่า นว.
บนชั้น
  ขอยืม
2. วิทยาศาสตร์การแพทย์ และสุขภาพ
วิทยาศาสตร์การแพทย์ และสุขภาพ
เรณู อาจสาลี WY150 ร765ค ฉ.2 
  Barcode: 15605
ห้องสมุดวิทยาเขตนครสวรรค์
►ส่วนจัดเก็บหนังสือเก่า นว.
บนชั้น
  ขอยืม

BibComment


ยังไม่เคยถูกคอมเมนท์

คอมเมนท์ทรัพยากรรายการนี้
  คอมเมนท์: คำศัพท์การพยาบาล..


 Copyright 2026. Bcnsprnw @Library